000 00797nam a2200181Ia 4500
008 090124s9999 xx 000 0 und d
082 _b45227
100 _aपांडे सुरुचि
245 _a" संस्कृत साहित्याचा इतिहास भाग 3 रामायण,महाभारत"
250 _a1
260 _c2001
300 _a119
600 _aपांडे सुरुचि
630 _a" संस्कृत साहित्याचा इतिहास भाग 3 रामायण,महाभारत"
700 _aपांडे सुरुचि
730 _a" संस्कृत साहित्याचा इतिहास भाग 3 रामायण,महाभारत"
942 _cBOOK
999 _c111457
_d111457